1997 genel nüfus tespiti il ve ilçelerin şehir ve köy nüfusları kesin sonuçları (Record no. 176)

MARC details
000 -BAŞLIK
Sabit Uzunlukta Kontrol Alanı 01007na a2200277 4500
001 - KONTROL NUMARASI
Denetim Alanı 15127
003 - KONTROL NUMARASI IDENTIFIER
Denetim Alanı MIRAKIL
005 - SON İŞLEM TARİHİ VE ZAMANI
Denetim Alanı 20181213154737.0
008 - SABİT-BOY VERİ ELEMANLARI - GENEL BİLGİLER
Sabit Uzunlukta Kontrol Alanı 160919b tu 000 0
035 ## - SİSTEM KONTROL NUMARASI
Sistem Kontrol Numarası 15095
040 ## - KATALOGLAMA KAYNAK
Orijinal Kataloglama Ajansı Milas
Kataloglama Dili tur
Metne Dönüştürmek Ajansı TR-AnCHP
082 ## - DEWEY ONLU SINIFLANDIRMA NUMARASI
Sınıflandırma Numarası 304.6021 1997
Ürün Numarası T95g 1998
090 ## - SINIFLAMA NUMARASI
Sınıflama Numarası 304.6021 1997 T95g 1998
110 ## - ANA GİRİŞ - KURUMSAL ADI
Giriş Elemanı Olarak Kurumsal Ad Veya Yargı Alanı Adı Türkiye İstatistik Kurumu (TÜİK)
222 ## - ANAHTAR ADI
Anahtar Başlık Genel nüfus sayımı
245 ## - BAŞLIK TABLOSU
Başlık 1997 genel nüfus tespiti il ve ilçelerin şehir ve köy nüfusları kesin sonuçları
Sorumluluk Tablosu, Vb Devlet İstatistik Enstitüsü (DİE)
246 ## - UNVAN FORM VARYING
Başlık Doğru / Kısa Başlığı 1997 genel nüfus sayımı
260 ## - YAYIN, DAĞITIM, VB
Yayın, Dağıtım, Vb Yeri Ankara
Yayıncı, Dağıtıcı, Vs Adı Devlet İstatistik Enstitüsü (DİE)
Yayın, Dağıtım, Vb Tarihi 1998
300 ## - FİZİKSEL TANIM
Kapsam 18 s.
Diğer Fiziksel Ayrıntıları tbl.
Boyutlar 29 sm.
500 ## - GENEL NOT
Genel Not Kurumun yeni adı: Türkiye İstatistik Kurumu (TÜİK)
650 ## - KONU KATMA GİRİŞ - TOPİKAL DÖNEM
Topikal Süreli Veya Coğrafi Ad Giriş Elemanı Nüfus sayımları
Genel Alt Bölümü 1997
Coğrafi Alt Bölümü Türkiye
651 ## - KONU KATMA GİRİŞ - COĞRAFİ ADI
Coğrafi İsim Türkiye
Genel Alt Bölümü Nüfus sayımı
Kronolojik Alt Bölümü İlçeler
651 ## - KONU KATMA GİRİŞ - COĞRAFİ ADI
Coğrafi İsim Türkiye
Genel Alt Bölümü Nüfus sayımı
Kronolojik Alt Bölümü İller
651 ## - KONU KATMA GİRİŞ - COĞRAFİ ADI
Coğrafi İsim Türkiye
Genel Alt Bölümü Nüfus sayımı, 1997
Kronolojik Alt Bölümü İstatistikler
942 ## - EKLENDİ GİRİŞ ELEMANLARI (KOHA)
Sınıflandırma Veya Raf Düzeni Kaynak Dewey Decimal Classification
Koha Öğesi Türü Books
999 ## - SİSTEM KONTROL NUMARALARI (KOHA)
Koha Biblionumber 176
Koha Biblioitemnumber 176
Holdings
Kalıcı Konum Mevcut Konum Edinme Tarihi Edinim Kaynak Toplam Check-Out'Lar Tam Çağrı Numarası Barkod Tarih Son Görülme İtibaren Geçerli Fiyatlar Koha Öğesi Türü
CHP Kütüphanesi CHP Kütüphanesi 09/05/2016 Bağış   304.6021 1997 T95g 1998 003774 09/05/2016 09/05/2016 Books